| 000 | 00699nmc a2200253 a 4500 | ||
|---|---|---|---|
| 003 | AR-BaBNM | ||
| 005 | 20251128211428.0 | ||
| 008 | 316120s1994 ||||||||||||||000 | spa|| | ||
| 020 | _a0-8442-4099-0 | ||
| 040 | _cAR-BaBNM | ||
| 100 | 1 | _aBaugh, L. Sue | |
| 245 | 1 | 0 |
_aHow to write first-class letters _bthe handbook for practical letter writing |
| 260 |
_aLincolnwood _bNTC Publishing Group _c1994 |
||
| 300 | 1 | _aviii, 328 p. | |
| 490 | 0 | _aNTC Business Books | |
| 650 | 4 | _aINGLES | |
| 650 | 4 | _aENSENANZA DE LA ESCRITURA | |
| 650 | 4 | _aREDACCION TECNICA | |
| 650 | 4 | _aNEGOCIACION | |
| 653 | 0 | _aGENERO EPISTOLAR | |
| 653 | 0 | _aPRECEPTIVA LITERARIA | |
| 942 | _cBK | ||
| 998 | _cme-listados | ||
| 999 |
_c19650 _d19650 |
||